000 00711nam a2200253Ia 4500
003 OSt
005 20220925230625.0
006 a|||||r|||| 00| 0
007 ta
008 220923b |||||||| |||| 00| 0 eng d
020 _a184277106X
037 _cGeneral Book
040 _aRTL
_cRTL
_beng
041 _2eng
_aeng
082 _aY:677.6.P, P3
100 _aSkard Torild
_9293964
245 0 _aContinents of mothers, continent of hope
_bUnderstable
260 _aLondon
_bZeal Books
_c2003
300 _a260p
_ccm.
500 _aBibliography p242-250
650 _aSocial Development
_9230960
942 _hY:677.6.P, P3
_cGB
_2CC
999 _c586154
_d586154